Les tours de la dalle des Olympiades (super fun) !!! - Statistiques

Statistiques générales
  • Ce quiz a été pris 7 fois
  • Le résultat moyen est 5 sur 13
Statistiques - réponses
Logements privés % Correct
Athènes
67%
Helsinki
67%
Londres
67%
Rome
67%
Tokyo
67%
Oslo
50%
Mexico
33%
Olympie
33%
Anvers
17%
Cortina
17%
Grenoble
17%
Sapporo
17%
Squaw Valley
17%
Aucun quiz correspondant
Distribution des résultats
% des personnes avec chaque résultat
Percentile par nombre de réponses
Votre historique - résultats
Vous n’avez pas pris ce quiz